000 00781nam a2200241 a 4500
001 BRL_205
005 20190320210631.0
008 010612s2000 mx-a#####b---l000-0#spa-#
040 _aDLC
_cDLC
_dDLC
050 4 _aF1386.1
_b.B73 2000
100 1 _aBrehme, Hugo
_d1882-1954
_95360
245 1 0 _aLa Ciudad de México transformada
_cHugo Brehme, Pedro Hiriart, fotógrafos.
260 _aMéxico
_bImppresto
_c2000
300 _a151 p.
_bil.
_c30 cm.
500 _aAu241
500 _aVer también número de sistema 1718 perteneciente al Fondo Contemporáneo
504 _aBibliografía : p. 151
651 4 _aMéxico (Ciudad)
_vTrabajos Ilustrados
_95377
651 4 _aMéxico (Ciudad)
_xHistoria
_95378
700 1 _aHiriart, Pedro
_eil.
_95379
902 _aGRL
942 _2lcc
_cB
999 _c9018
_d9018